000 02457cam a2200625 4500
001 J128099
008 041124n2004 000 0 eng u
035 _a(Sirsi) u128099
041 _aeng
050 _a333.0062
_c18
110 _aRoyal Institution of Chartered Surveyors
_bGovernance and Corporate Management
_94171
245 _aRegulations as presently (12 July 2004) approved
250 _a(Rev. ed.)
260 _aLondon
_bRICS
_c2004
300 _a1v. (loose-leaf)
_c31cm.
505 _aMembership and attached classes regulations
505 _aPayments on transfer between membership classes regulations
505 _aReinstatement and readmission to membership regulations
505 _aUse of designation regulations
505 _aGeneral meetings and postal ballots regulations
505 _aOfficers and leadership team regulations
505 _aGoverning Council regulations
505 _aDelegation of functions regulations
505 _aChief Executive and staff regulations
505 _aStrategy and Resources Board regulations
505 _aAudit Committee regulations
505 _aJunior Organisation regulations
505 _aAppointments and nominations regulations
505 _aInterest group regulations
505 _aPolicy committees regulations
505 _aDefinitions, constitutional bodies and procedural regulations
505 _aConstitutional bodies (transitional) regulations
505 _aMiscellaneous constitutional bodies regulations
505 _aAccounts regulations
505 _aInvestment regulations
505 _aCommon seal regulations
505 _aContracts regulations
505 _aFaculties and Forums board regulations
505 _aFaculties regulations
505 _aFaculty Boards regulations
505 _aForums regulations
505 _aConduct regulations
505 _aDisciplinary regulations
505 _aLibrary regulations
505 _aDonations and bequests regulations
505 _aNational Associations regulations
505 _aMembership of constituencies regulations
505 _aEngland and Wales (regions and regional boards) regulations
505 _aSubscriptions, entrance fees and contributions regulations
505 _aCommunications and administration regulations
650 _aRICS REGULATIONS
690 _aRICS NEWS
710 _aRoyal Institution of Chartered Surveyors
_94900
942 _n0
999 _c103869
_d103869